XML by example : building E-commerce applications (Record no. 6402)
[ view plain ]
| 000 -LEADER | |
|---|---|
| fixed length control field | 00956 a2200181 4500 |
| 020 ## - INTERNATIONAL STANDARD BOOK NUMBER | |
| International Standard Book Number | 0139601627 |
| 040 ## - CATALOGING SOURCE | |
| Original cataloging agency | Library of Congress |
| Language of cataloging | English |
| 100 1# - MAIN ENTRY--PERSONAL NAME | |
| Personal name | McGrath, Sean. |
| 245 10 - TITLE STATEMENT | |
| Title | XML by example : building E-commerce applications |
| Remainder of title | building E-commerce applications / |
| Statement of responsibility, etc. | Sean McGrath. |
| 260 ## - PUBLICATION, DISTRIBUTION, ETC. | |
| Place of publication, distribution, etc. | Upper Saddle River, NJ : |
| Name of publisher, distributor, etc. | Prentice Hall, |
| Date of publication, distribution, etc. | 1998. |
| 300 ## - PHYSICAL DESCRIPTION | |
| Extent | 470 p. : |
| Other physical details | ill. + |
| Accompanying material | 1 computer laser optical disk (4 3/4 in.) |
| 440 #4 - SERIES STATEMENT/ADDED ENTRY--TITLE | |
| Title | The Charles F. Goldfarb series on open information management. |
| 500 ## - GENERAL NOTE | |
| General note | Includes index. |
| 520 ## - SUMMARY, ETC. | |
| Summary, etc. | XML by Example: Building E-Commerce Applications demonstrates XML's powerful E-commerce capabilities by walking you through the construction of a real-world catalog application - start to finish. Along the way, you'll learn virtually every key technique for building XML-based E-commerce sites. |
| 650 #0 - SUBJECT ADDED ENTRY--TOPICAL TERM | |
| Topical term or geographic name entry element | XML (Document markup language) |
| 650 #0 - SUBJECT ADDED ENTRY--TOPICAL TERM | |
| Topical term or geographic name entry element | Electronic commerce. |
| 942 ## - ADDED ENTRY ELEMENTS (KOHA) | |
| Koha item type | Book |
| Call number prefix | 005.72 MCG |
| Source of classification or shelving scheme | |
| Withdrawn status | Lost status | Damaged status | Not for loan | Collection code | Permanent Location | Current Location | Shelving location | Date acquired | Source of acquisition | Cost, normal purchase price | Total Checkouts | Full call number | Barcode | Date last seen | Price effective from | Koha item type | Date last checked out |
|---|---|---|---|---|---|---|---|---|---|---|---|---|---|---|---|---|---|
| Central Library (CL) | Central Library (CL) | First Floor - Operating System/ Data Structure | 11/30/2000 | Oxford University Press | 619.65 | 005.72 MCG | SEECS000418 | 11/14/2012 | 01/05/2017 | Book | |||||||
| Central Library (CL) | Central Library (CL) | First Floor - Operating System/ Data Structure | 11/30/2000 | Oxford University Press | 619.65 | 1 | 005.72 MCG | SEECS000420 | 02/15/2014 | 01/05/2017 | Book | 01/21/2014 | |||||
| Central Library (CL) | Central Library (CL) | First Floor - Operating System/ Data Structure | 11/30/2000 | Oxford University Press | 619.65 | 005.72 MCG | SEECS000419 | 11/14/2012 | 01/05/2017 | Book | |||||||
| Central Library (CL) | Central Library (CL) | First Floor - Operating System/ Data Structure | 08/27/2002 | Oxford University Press | 519.82 | 005.72 MCG | SEECS002375 | 11/14/2012 | 01/05/2017 | Book | |||||||
| Central Library (CL) | Central Library (CL) | First Floor - Operating System/ Data Structure | 11/11/2002 | Book Field | 516.37 | 005.72 MCG | SEECS002715 | 11/14/2012 | 01/05/2017 | Book | |||||||
| Central Library (CL) | Central Library (CL) | First Floor - Operating System/ Data Structure | 05/06/2014 | 005.72 MCG | SEECSD00632 | 11/14/2012 | 01/05/2017 | Book |
